| 000 | 01883nam a2200397 c 4500 | ||
|---|---|---|---|
| 003 | BLK | ||
| 005 | 20250310130628.0 | ||
| 008 | 180408b bul|||||r ||||||| ||bul|| | ||
| 020 |
_a978-954-28-4442-6 _q9789542844426 |
||
| 040 | _aBLK | ||
| 041 |
_aBUL _cBUL |
||
| 080 |
_aНаука. Наукознание. Организация на умствения труд _b001 _x(02.062) _z001(02.062) |
||
| 080 |
_aРазпространяване на научните знания - популяризиране на науката, занимателна наука, учение за явленията научно необяснени, заблуждения и фалшификации, илюзии и др. п., секретност на научните знания _b001.9 _x(02.062) _z001.9(02.062) |
||
| 084 | _aС 30 | ||
| 100 | 1 |
_aСейгън, Карл _9119422 |
|
| 245 | 1 | 0 |
_aСвят, населен с демони _bНауката като свещ в мрака _cКарл Сейгън; прев.от англ. Маргарит Дамянов |
| 250 | _a2. изд. | ||
| 257 | _aUSA | ||
| 260 |
_aСофия _bСиела Норма _c2023 _9217021 |
||
| 300 |
_a488 с. _c21 см |
||
| 380 | _a0 | ||
| 500 | _aОриг. загл. The Demon-Haunted World / Carl Sagan. - 1. изд. 2018 на Бард | ||
| 650 | 4 |
_aНаука _9163554 |
|
| 650 | 4 |
_aПсевдонаука _9168262 |
|
| 653 | _aнаука | ||
| 653 | _aлъженаука | ||
| 653 | _aпсевдонаука | ||
| 700 |
_aДамянов, Маргарит Маргаритов _eпрев. от англ. _9368565 |
||
| 856 | 4 | _qpdf | |
| 856 | 4 | _qpdf | |
| 942 |
_cKNG _n0 _05 |
||
| 944 |
_a30529 _cДиана Гривева _lХристина Везирева _k30535 |
||
| 944 |
_aED _c18.10.2011 _lф / |
||
| 999 |
_c498565 _d498565 |
||
| 999 | _d85209 | ||